English skills with readings /

Basic principles of effective writing; Paragraph development; Essay development; Research skills; Handbook of sentence skills; Readings for writers.

Gorde:
Xehetasun bibliografikoak
Egile nagusia: Langan, John
Formatua: Liburua
Hizkuntza:English
Argitaratua: New York : McGraw-Hill, 2008.
Edizioa:7th ed., annotated instructor's ed.
Gaiak:
Etiketak: Etiketa erantsi
Etiketarik gabe, Izan zaitez lehena erregistro honi etiketa jartzen!
Thư viện lưu trữ: Mạng thư viện Đại học Đà Nẵng
LEADER 01256cam a22003491a 4500
001 000033524
003 9699
005 20200514161808.0
008 151016s2008 000 eng
020 |a 0073384119  |a 9780073384115 
041 0 |a eng 
082 0 0 |a 808.0427  |b LA-J 
100 1 |a Langan, John 
245 1 0 |a English skills with readings /  |c John Langan. 
250 |a 7th ed., annotated instructor's ed. 
260 |a New York :  |b McGraw-Hill,  |c 2008. 
300 |a xxii, 794 p. ;  |c 24 cm. 
500 |a Includes index. 
520 3 |a Basic principles of effective writing; Paragraph development; Essay development; Research skills; Handbook of sentence skills; Readings for writers. 
650 0 |a English language  |x Rhetoric 
650 0 |a English language  |x Grammar 
650 0 |a College readers 
653 |a Tiếng Anh 
OWN |a LNN 
AVA |a UDN50  |b LNN  |c English  |e available  |t Error 5001 Not defined in file expand_doc_bib_avail.  |f 2  |g 0  |h N  |i 0  |j AN 
999 |a From the UDN01 
AVA |a UDN50  |b LNN  |c English  |e available  |t Error 5001 Not defined in file expand_doc_bib_avail.  |f 2  |g 0  |h N  |i 0  |j AN 
TYP |a Monograph 
980 |a Mạng thư viện Đại học Đà Nẵng